Music Quiz

Random Music or Lyrics Quiz

Opening Lyrics - Lady Gaga Quiz Stats

 Plays Quiz Updated Sep 24, 2018

Support Sporcle.
Go Orange.
Score 0/22 Timer 05:00
1 Play Today
Lyric Song % Correct
I wanna hold them like they do in Texas pleasePoker Face
96.8%
(Oh-oh-oh-oh-oh-oh-oh caught in a [TITLE]) Rah rah ah ah ah, Roma ro ma ma, Gaga, ooh la laBad Romance
81.5%
Hello hello baby, you called, I can't hear a thingTelephone
79.9%
Let's have some fun, this beat is sickLoveGame
67.5%
I've had a little bit too muchJust Dance
63.5%
He ate my heart, he ate ate ate my heartMonster
43.4%
We are the crowd, we're c-coming outPaparazzi
43.2%
She's got both hands in her pocketAlejandro
39.6%
Hey there sugar baby, saw you twice at the pop showBoys, Boys, Boys
33.9%
Groove, slam, work it back, filter that, baby bump that trackStarstruck
32.7%
I can't believe what you said to meSpeechless
28.6%
Lyric Song % Correct
Some girls won't dance to the beat of the trackDance in the Dark
28.3%
Don't want your money, just want your sexTeeth
26.3%
I can't help myself, I'm addicted to a life of materialThe Fame
26.3%
We've got a red light, pornographic dance fightBeautiful, Dirty, Rich
25.3%
Damn, I love the Jag, the jet, and the mansionMoney Honey
24.3%
Boy we've had a real good timeEh Eh (Nothing Else I Can Say)
23.7%
In your [TITLE], walked away. In your [TITLE], couldn't stayBrown Eyes
22.8%
I love that lavender blondeSo Happy I Could Die
21.8%
Nowhere, yeah we're going nowhere fastSummerboy
17.4%
Midnight rush with a pen in my handPaper Gangsta
16.9%
Your love is nothing I can't fightI Like It Rough
12.2%

You're not logged in!

Compare scores with friends on all Sporcle quizzes.
OR
Log In

From the Vault

Guess the .COM Websites

by gloucester

You might be familiar with at least one of these.
Remove Ads.
Support Sporcle.
Get the best of Sporcle when you Go Orange. This ad-free experience offers more features, more stats, and more fun while also helping to support Sporcle. Thank you for becoming a member.

Show Comments

Extras

Top Quizzes Today


Score Distribution

Your Account Isn't Verified!

In order to create a playlist on Sporcle, you need to verify the email address you used during registration. Go to your Sporcle Settings to finish the process.

Report this User

Report this user for behavior that violates our Community Guidelines.

Details: